000
00303nam a2200109Ia 4500
008
220204s9999 xx 000 0 und d
082
_a
339.18(438.11)
_b
ECO
245
0
_a
Economic and commercial reports: Warsaw
260
_a
New Delhi
_b
Ministry of Foreign trade
_c
1968
650
_a
Commerce
942
_c
BK
999
_c
22100
_d
22100